=LDR 00000nam 2200000 4500 =001 INLIS000000000029833 =005 20161215120142.0 =006 =007 =008 Ind =035 ##$$0010-061300000029833 =041 ##$$a Ind =082 ##$$a 347 =090 ##$$a 347 kem k =100 ##$$a Wiriadinata, Lukman =245 ##$$a Kemandirian kekuasaan kehakiman =260 ##$$a Jakarta $b Yayasan LBHI ndonesia $c 1989 =300 ##$$a 171 hlm, ilus, 21 cm =650 ##$$a Kehakiman =850 ##$$a NBPNMAT =990 ##$$a 0001/BPAP-NTB/2016